[Event "BEL-chT 1011"]
[Site "Belgium"]
[Date "2010.10.10"]
[Round "2.6"]
[White "Jadoul, Michel"]
[Black "Verlinde, Tieme"]
[Result "1-0"]
[WhiteElo "2346"]
[BlackElo "2237"]
[PlyCount "91"]
[EventDate "2010.09.26"]
[EventType "team-tourn"]
[EventRounds "11"]
[EventCountry "BEL"]
[SourceTitle "EXT 2012"]
[Source "ChessBase"]
[SourceDate "2011.11.24"]
[SourceVersion "1"]
[SourceVersionDate "2011.11.24"]
[SourceQuality "1"]
[WhiteTeam "Fontaine"]
[BlackTeam "KBSK Brugge"]
[WhiteTeamCountry "BEL"]
[BlackTeamCountry "BEL"]

1. c4 e5 2. g3 g6 3. d4 exd4 4. Qxd4 Qf6 5. Qxf6 Nxf6 6. Nc3 a6 7. Bg2 d6 8. Nh3 Be7 9. Bh6 Nc6 10. 0-0 Ng4 11. Bg5 f6 12. Bd2 Be6 13. b3 0-0-0 14. Nf4 Bd7 15. Nfd5 Rde8 16. h3 Nge5 17. Ne4 f5 18. Nxe7+ Rxe7 19. Nc3 h6 20. Nd5 Re6 21. Bc3 Rhe8 22. Rad1 Nf7 23. Nf4 Rxe2 24. Nxe2 Rxe2 25. Ra1 Nfe5 26. Rfe1 Rxe1+ 27. Rxe1 b5 28. Bd5 f4 29. Bxe5 Nxe5 30. gxf4 Nd3 31. Re4 c6 32. Bf7 Bf5 33. Be6+ Kc7 34. Bxf5 gxf5 35. Rd4 Nc5 36. Kh2 Kd7 37. Kg3 Ke7 38. Kf3 Ke6 39. Ke3 d5 40. cxd5+ cxd5 41. Rd1 Ne4 42. Rg1 h5 43. Rg6+ Nf6 44. Kd4 Kf7 45. Rxf6+ Kxf6 46. Kxd5 1-0

[Event "Charleroi op"]
[Site "Charleroi"]
[Date "2007.07.29"]
[Round "2"]
[White "Jadoul, Michel"]
[Black "Vanhee, Freddy"]
[Result "1-0"]
[WhiteElo "2337"]
[BlackElo "1970"]
[PlyCount "69"]
[EventDate "2007.07.28"]
[EventType "swiss"]
[EventRounds "5"]
[EventCountry "BEL"]
[SourceTitle "EXT 2008"]
[Source "ChessBase"]
[SourceDate "2007.11.25"]
[SourceVersion "1"]
[SourceVersionDate "2007.11.25"]
[SourceQuality "1"]

1. b3 Nf6 2. Bb2 e6 3. f4 d5 4. Nf3 c5 5. e3 Be7 6. Ne5 0-0 7. Bd3 Nc6 8. Nxc6 bxc6 9. 0-0 c4 10. bxc4 Ba6 11. cxd5 Bxd3 12. cxd3 cxd5 13. Qa4 Qd7 14. Qxd7 Nxd7 15. Kf2 Rfc8 16. Ke2 Rab8 17. Rc1 Rxc1 18. Bxc1 Bf6 19. d4 Be7 20. Ba3 Bxa3 21. Nxa3 Rb2 22. Kd1 Kf8 23. Kc1 Rb4 24. Nc2 Ra4 25. a3 Rc4 26. Rb1 Nb6 27. Kd1 Ke7 28. Nb4 Kd6 29. Rb3 Na4 30. Nd3 Rc7 31. Rb8 f6 32. g4 h6 33. h4 Ke7 34. f5 h5 35. gxh5 1-0

[Event "Avoine op 21th"]
[Site "Avoine"]
[Date "2006.07.29"]
[Round "8"]
[White "Frick, Christoph"]
[Black "Jadoul, Michel"]
[Result "0-1"]
[WhiteElo "2230"]
[BlackElo "2324"]
[PlyCount "94"]
[EventDate "2006.07.22"]
[EventType "swiss"]
[EventRounds "9"]
[EventCountry "FRA"]
[SourceTitle "EXT 2007"]
[Source "ChessBase"]
[SourceDate "2006.11.23"]
[SourceVersion "1"]
[SourceVersionDate "2006.11.23"]
[SourceQuality "1"]

1. Nc3 d5 2. e4 c6 3. g3 dxe4 4. Nxe4 Bf5 5. Bg2 e6 6. Ne2 Nd7 7. 0-0 Ngf6 8. N2c3 Be7 9. d3 0-0 10. Qe2 Re8 11. Be3 Nd5 12. Bd2 Bg6 13. Nd1 e5 14. c4 Nc7 15. Bc3 Ne6 16. b4 Nd4 17. Qb2 f5 18. Nd2 Nb6 19. Bxd4 exd4 20. a4 Nd7 21. f4 a5 22. b5 Qc7 23. Nf2 Bb4 24. Rad1 Bc3 25. Qc2 Re2 26. Bf3 Re3 27. Kg2 Rae8 28. Rb1 Bf7 29. Nd1 Nc5 30. Nxe3 Rxe3 31. bxc6 bxc6 32. Rfe1 Rxd3 33. Nb3 Bxe1 34. Nxc5 Rd2+ 35. Qxd2 Bxd2 36. Rb7 Qd6 37. Nd7 Bxc4 38. Rb8+ Kf7 39. Ne5+ Kf6 40. Rb2 Bd5 41. Rxd2 Qb4 42. Re2 Bxf3+ 43. Kxf3 Qb7 44. g4 h6 45. h4 c5+ 46. Kg3 Qb3+ 47. Kf2 Qxa4 0-1

[Event "Avoine op 21th"]
[Site "Avoine"]
[Date "2006.07.24"]
[Round "3"]
[White "Jadoul, Michel"]
[Black "Heurtebize, Christophe"]
[Result "1-0"]
[WhiteElo "2324"]
[BlackElo "2098"]
[PlyCount "57"]
[EventDate "2006.07.22"]
[EventType "swiss"]
[EventRounds "9"]
[EventCountry "FRA"]
[SourceTitle "EXT 2007"]
[Source "ChessBase"]
[SourceDate "2006.11.23"]
[SourceVersion "1"]
[SourceVersionDate "2006.11.23"]
[SourceQuality "1"]

1. b3 d5 2. Bb2 Nf6 3. e3 c5 4. Nf3 Nc6 5. Bb5 Bd7 6. 0-0 e6 7. d3 Be7 8. Nbd2 0-0 9. Bxc6 Bxc6 10. Ne5 Qc7 11. f4 Rad8 12. Rf3 d4 13. Rh3 g6 14. a4 Nd5 15. Ndc4 f6 16. Nxc6 Qxc6 17. Rf3 Bd6 18. Nxd6 Qxd6 19. exd4 Nxf4 20. dxc5 Qxc5+ 21. Kh1 e5 22. Ba3 Qc6 23. Bxf8 Kxf8 24. Rf2 Nh3 25. Rd2 Ng5 26. Qe2 Rd4 27. Rf1 h5 28. Qxe5 Rd6 29. Qxg5 1-0

[Event "Avoine op 21th"]
[Site "Avoine"]
[Date "2006.07.23"]
[Round "2"]
[White "Bilek, Thomas"]
[Black "Jadoul, Michel"]
[Result "0-1"]
[WhiteElo "2136"]
[BlackElo "2324"]
[PlyCount "48"]
[EventDate "2006.07.22"]
[EventType "swiss"]
[EventRounds "9"]
[EventCountry "FRA"]
[SourceTitle "EXT 2007"]
[Source "ChessBase"]
[SourceDate "2006.11.23"]
[SourceVersion "1"]
[SourceVersionDate "2006.11.23"]
[SourceQuality "1"]

1. c4 g6 2. g3 Bg7 3. Bg2 Nf6 4. Nf3 0-0 5. Nc3 d6 6. 0-0 e5 7. d4 Nbd7 8. Re1 c6 9. dxe5 dxe5 10. b3 Re8 11. Bb2 e4 12. Nd4 e3 13. f4 Ng4 14. Nc2 Qa5 15. Na4 Bxb2 16. Nxb2 Ndf6 17. h3 Nf2 18. Qd4 Nh5 19. b4 Qc7 20. Kh2 Bxh3 21. Bxh3 Rad8 22. Qc3 Nxg3 23. Bg2 Qxf4 24. Kg1 Nh3+ 0-1

[Event "BEL-chT 0405"]
[Site "Belgium"]
[Date "2004.11.21"]
[Round "4"]
[White "Geirnaert, Steven"]
[Black "Jadoul, Michel"]
[Result "1-0"]
[WhiteElo "2320"]
[BlackElo "2350"]
[PlyCount "61"]
[EventDate "2004.09.09"]
[EventType "team-tourn"]
[EventRounds "11"]
[EventCountry "BEL"]
[SourceTitle "EXT 2006"]
[Source "ChessBase"]
[SourceDate "2005.11.24"]
[SourceVersion "1"]
[SourceVersionDate "2005.11.24"]
[SourceQuality "1"]
[WhiteTeam "KBSK Brugge"]
[BlackTeam "Boey Temse II"]
[WhiteTeamCountry "BEL"]
[BlackTeamCountry "BEL"]

1. e4 b6 2. c4 Bb7 3. Nc3 c5 4. Nf3 d6 5. d4 cxd4 6. Nxd4 Nf6 7. f3 a6 8. Be3 Nbd7 9. Be2 e6 10. 0-0 Be7 11. Qd2 h5 12. Rfe1 Rc8 13. Bf1 h4 14. Rad1 Ne5 15. b3 Nh7 16. Na4 Nf8 17. Nxb6 Qxb6 18. Nxe6 Qxe3+ 19. Qxe3 Nxe6 20. Kh1 0-0 21. h3 g5 22. Qb6 Nc5 23. Rxd6 Bxd6 24. Qxd6 Ng6 25. Rd1 Rc6 26. Qd2 Ne6 27. Qa5 f6 28. b4 Ne5 29. c5 Rfc8 30. Qa4 Kg7 31. a3 1-0

[Event "FRA-chT2 0304"]
[Site "France"]
[Date "2004.03.13"]
[Round "8"]
[White "Jadoul, Michel"]
[Black "Houhou, Olivier"]
[Result "1-0"]
[WhiteElo "2342"]
[BlackElo "2243"]
[PlyCount "87"]
[EventDate "2003.10.??"]
[EventType "team"]
[EventRounds "11"]
[EventCountry "FRA"]
[SourceTitle "EXT 2005"]
[Source "ChessBase"]
[SourceDate "2004.11.15"]
[SourceVersion "1"]
[SourceVersionDate "2004.11.15"]
[SourceQuality "1"]

1. b3 e5 2. Bb2 Nc6 3. e3 d6 4. Nf3 e4 5. Nd4 Nxd4 6. Bxd4 Nf6 7. c4 Be7 8. Nc3 0-0 9. Rc1 Re8 10. Qc2 Bf5 11. d3 exd3 12. Bxd3 Bxd3 13. Qxd3 Nd7 14. Nd5 Bf6 15. 0-0 Bxd4 16. Qxd4 Nc5 17. Rfd1 a5 18. Rc2 Re4 19. Qb2 Re6 20. Re2 Ne4 21. Nf4 Rh6 22. f3 Nc5 23. g3 Ne6 24. Nd5 Qd7 25. f4 Re8 26. e4 c5 27. f5 Ng5 28. Qc1 Qd8 29. h4 Nf3+ 30. Kg2 Nd4 31. Rxd4 cxd4 32. Qd2 Re5 33. Qxd4 g5 34. Qe3 Rh5 35. Qf3 Rh6 36. h5 Rf6 37. g4 Kg7 38. Qc3 h6 39. Kf3 Re8 40. Rd2 Re5 41. Qd4 Rfe6 42. fxe6 fxe6 43. Ne3 Qf8+ 44. Ke2 1-0

[Event "FRA-chT2 0304"]
[Site "France"]
[Date "2004.01.18"]
[Round "6"]
[White "Jadoul, Michel"]
[Black "Chatelier, Christian"]
[Result "1-0"]
[WhiteElo "2342"]
[BlackElo "2145"]
[PlyCount "53"]
[EventDate "2003.10.??"]
[EventType "team"]
[EventRounds "11"]
[EventCountry "FRA"]
[SourceTitle "EXT 2005"]
[Source "ChessBase"]
[SourceDate "2004.11.15"]
[SourceVersion "1"]
[SourceVersionDate "2004.11.15"]
[SourceQuality "1"]

1. b3 Nf6 2. Bb2 d6 3. f4 c5 4. Nf3 Nc6 5. g3 e5 6. fxe5 dxe5 7. Bg2 Qc7 8. c4 Bd6 9. Nc3 a6 10. 0-0 0-0 11. Qb1 Ne7 12. Ng5 h6 13. Nd5 Nexd5 14. Bxd5 hxg5 15. Rxf6 Qe7 16. Rh6 gxh6 17. Qg6+ Kh8 18. Qxh6+ Kg8 19. Rf1 Be6 20. Rf6 Qxf6 21. Qxf6 Bxd5 22. Qxd6 Bc6 23. Qf6 Kh7 24. Bxe5 Rg8 25. Qxf7+ Kh6 26. g4 Rg6 27. Bg7+ 1-0

[Event "BEL-chT 0304"]
[Site "Belgium"]
[Date "2003.12.14"]
[Round "1.5"]
[White "Jadoul, Michel"]
[Black "Fontaine, Pierre"]
[Result "1-0"]
[WhiteElo "2342"]
[BlackElo "2143"]
[PlyCount "46"]
[EventDate "2003.10.01"]
[EventType "team"]
[EventRounds "11"]
[EventCountry "BEL"]
[SourceTitle "CBM 097 Extra"]
[Source "ChessBase"]
[SourceDate "2004.01.13"]
[SourceVersion "1"]
[SourceVersionDate "2004.01.13"]
[SourceQuality "1"]
[WhiteTeam "Temse"]
[BlackTeam "Liege Crelel"]
[WhiteTeamCountry "BEL"]
[BlackTeamCountry "BEL"]

1. b3 f5 2. Bb2 e6 3. e4 fxe4 4. Qh5+ Ke7 5. Nc3 Nf6 6. Qh4 d5 7. d3 exd3 8. Bxd3 Kf7 9. 0-0-0 Be7 10. Nf3 Ne8 11. Ne5+ Kg8 12. Qh5 Nd6 13. Nb5 Nd7 14. Nxd6 Nxe5 15. Nxc8 Nxd3+ 16. Rxd3 Bg5+ 17. Kb1 Rxc8 18. Qg4 Qe7 19. Re1 h5 20. Qxe6+ Qxe6 21. Rxe6 c6 22. Rg3 Kf7 23. Rd6 Rhd8 1-0

[Event "BEL-chT 0304"]
[Site "Belgium"]
[Date "2003.11.02"]
[Round "3.4"]
[White "Akhayan, Ruben"]
[Black "Jadoul, Michel"]
[Result "0-1"]
[WhiteElo "2230"]
[BlackElo "2342"]
[PlyCount "71"]
[EventDate "2003.10.01"]
[EventType "team"]
[EventRounds "11"]
[EventCountry "BEL"]
[SourceTitle "EXT 2004"]
[Source "ChessBase"]
[SourceDate "2003.11.25"]
[SourceVersion "1"]
[SourceVersionDate "2003.11.25"]
[SourceQuality "1"]
[WhiteTeam "Boitsfort"]
[BlackTeam "Temse"]
[WhiteTeamCountry "BEL"]
[BlackTeamCountry "BEL"]

1. e4 b6 2. d4 Bb7 3. Nc3 e6 4. Nf3 Bb4 5. Bd3 Nf6 6. Bg5 h6 7. Bxf6 Qxf6 8. 0-0 Bxc3 9. bxc3 d6 10. Nd2 g5 11. e5 dxe5 12. Ne4 Qe7 13. dxe5 Nd7 14. Re1 0-0-0 15. Nd2 Qc5 16. Qe2 Qxc3 17. Nb3 Nc5 18. Nxc5 Qxc5 19. Ba6 Bxa6 20. Qxa6+ Kb8 21. Qe2 Rd5 22. a4 a5 23. Rab1 Rhd8 24. Rb5 Qc3 25. Rxd5 Rxd5 26. h3 Ka7 27. Rd1 Rxe5 28. Qh5 Re1+ 29. Rxe1 Qxe1+ 30. Kh2 Qxf2 31. Qxh6 Qf4+ 32. Kh1 e5 33. c3 e4 34. Qc6 e3 35. Qe8 f5 36. c4 0-1

[Event "FRA-chT2S 0203"]
[Site "France"]
[Date "2003.??.??"]
[Round "6.3"]
[White "Jadoul, Michel"]
[Black "Cossin, Sebastien"]
[Result "0-1"]
[WhiteElo "2379"]
[BlackElo "2230"]
[PlyCount "80"]
[EventDate "2002.10.??"]
[EventType "team"]
[EventRounds "11"]
[EventCountry "FRA"]
[SourceTitle "EXT 2004"]
[Source "ChessBase"]
[SourceDate "2003.11.25"]
[SourceVersion "1"]
[SourceVersionDate "2003.11.25"]
[SourceQuality "1"]
[WhiteTeam "Cappelle la Grande"]
[BlackTeam "AECE"]
[WhiteTeamCountry "FRA"]
[BlackTeamCountry "FRA"]

1. c4 Nf6 2. g3 g6 3. Bg2 Bg7 4. Nc3 0-0 5. e4 c5 6. Nge2 Nc6 7. d3 d6 8. 0-0 a6 9. h3 Rb8 10. Bg5 b5 11. Qd2 bxc4 12. dxc4 Ne5 13. b3 Bxh3 14. f4 Bxg2 15. Kxg2 Neg4 16. f5 Qd7 17. Rad1 Qb7 18. Qf4 h6 19. Bxf6 Nxf6 20. Rh1 e6 21. g4 exf5 22. gxf5 Rbe8 23. Ng3 Qe7 24. Qxd6 Qxd6 25. Rxd6 Rd8 26. Rxd8 Rxd8 27. Rd1 Rxd1 28. Nxd1 h5 29. Nf2 Nd7 30. Nd3 h4 31. Nf1 g5 32. Nh2 Bc3 33. Nf3 f6 34. e5 Bxe5 35. Nfxe5 fxe5 36. Kf3 Kg7 37. Ke4 g4 38. Nf2 g3 39. Nh3 Kf6 40. a3 a5 0-1

[Event "Oberliga NRW 0102 I"]
[Site "Germany"]
[Date "2002.01.13"]
[Round "5.2"]
[White "Schebler, Gerhard"]
[Black "Jadoul, Michel"]
[Result "1/2-1/2"]
[WhiteElo "2485"]
[BlackElo "2395"]
[PlyCount "75"]
[EventDate "2001.10.??"]
[EventType "team"]
[EventRounds "9"]
[EventCountry "GER"]
[SourceTitle "EXT 2004"]
[Source "ChessBase"]
[SourceDate "2003.11.25"]
[SourceVersion "1"]
[SourceVersionDate "2003.11.25"]
[SourceQuality "1"]
[WhiteTeam "Muelheim Nord"]
[BlackTeam "Aachen"]
[WhiteTeamCountry "GER"]
[BlackTeamCountry "GER"]

1. Nf3 g6 2. e4 c5 3. d4 Bg7 4. d5 d6 5. Bb5+ Bd7 6. a4 Na6 7. Bxd7+ Qxd7 8. 0-0 Nf6 9. Re1 0-0 10. Nbd2 e6 11. dxe6 Qxe6 12. Ra3 Rfe8 13. Rae3 d5 14. exd5 Qxd5 15. Rxe8+ Rxe8 16. Rxe8+ Nxe8 17. Qe2 Nac7 18. Nc4 Ne6 19. Be3 Nd6 20. Nxd6 Qxd6 21. b3 a6 22. h3 Qd7 23. Qc4 Qd1+ 24. Kh2 Qd6+ 25. g3 Qc6 26. Nd2 Bd4 27. Bxd4 Nxd4 28. c3 Ne6 29. Qd3 b5 30. axb5 axb5 31. Ne4 Kg7 32. h4 c4 33. bxc4 Qxc4 34. Qxc4 bxc4 35. Kg2 f5 36. Nd6 Nc5 37. Kf3 Na4 38. Nxc4 1/2-1/2

[Event "NED-chT 0102"]
[Site "Netherlands"]
[Date "2001.11.03"]
[Round "2.7"]
[White "Jadoul, Michel"]
[Black "Van Delft, Merijn"]
[Result "1-0"]
[WhiteElo "2395"]
[BlackElo "2342"]
[PlyCount "49"]
[EventDate "2001.09.29"]
[EventType "team-tourn"]
[EventRounds "9"]
[EventCountry "NED"]
[SourceTitle "EXT 2003"]
[Source "ChessBase"]
[SourceDate "2002.11.25"]
[SourceVersion "1"]
[SourceVersionDate "2002.11.25"]
[SourceQuality "1"]
[WhiteTeam "VastNed Rotterdam"]
[BlackTeam "Apeldoorn Schaakstad"]
[WhiteTeamCountry "NED"]
[BlackTeamCountry "NED"]

1. c4 Nf6 2. Nf3 g6 3. g3 Bg7 4. Bg2 0-0 5. 0-0 d6 6. Nc3 Nc6 7. Rb1 e5 8. d3 a5 9. a3 Re8 10. Nd2 Be6 11. Nd5 h6 12. b4 axb4 13. axb4 Rb8 14. b5 Ne7 15. Qb3 Nf5 16. e3 Nd7 17. Qc2 Ne7 18. Ba3 Nf6 19. Qb3 Qd7 20. b6 c6 21. Nxf6+ Bxf6 22. Bxd6 Ra8 23. Qc3 Nc8 24. Ne4 Bg7 25. Bxe5 1-0

[Event "NED-chT 0001"]
[Site "Netherlands"]
[Date "2001.03.24"]
[Round "7.4"]
[White "Jadoul, Michel"]
[Black "Middelburg, Tom"]
[Result "0-1"]
[WhiteElo "2407"]
[BlackElo "2359"]
[PlyCount "128"]
[EventDate "2000.11.18"]
[EventType "team-tourn"]
[EventRounds "9"]
[EventCountry "NED"]
[SourceTitle "EXT 2002"]
[Source "ChessBase"]
[SourceDate "2001.11.25"]
[SourceVersion "1"]
[SourceVersionDate "2001.11.25"]
[SourceQuality "1"]
[WhiteTeam "Rotterdam SO"]
[BlackTeam "Leiden LSG"]
[WhiteTeamCountry "NED"]
[BlackTeamCountry "NED"]

1. b3 e5 2. Bb2 Nc6 3. e3 d6 4. c4 g6 5. d4 exd4 6. Nf3 Bg4 7. Be2 Bg7 8. Nxd4 Bxe2 9. Qxe2 Nxd4 10. Bxd4 Bxd4 11. exd4+ Qe7 12. Nc3 Nf6 13. Qxe7+ Kxe7 14. 0-0-0 Kd7 15. Rd3 Ng4 16. Rf3 f5 17. h3 Nh6 18. Re1 Rae8 19. Rxe8 Rxe8 20. Kd2 c6 21. Re3 Nf7 22. Rg3 a6 23. a4 a5 24. f4 Nd8 25. d5 Nf7 26. Rf3 Nh6 27. Rf1 Ng8 28. g4 fxg4 29. hxg4 Nf6 30. g5 Nh5 31. Rf3 Rf8 32. Ke3 Ng7 33. Rh3 Nf5+ 34. Kd3 Rh8 35. Ne4 h5 36. gxh6 Rxh6 37. dxc6+ Kxc6 38. Rxh6 Nxh6 39. Nf6 Nf5 40. Nd5 Kc5 41. Kc3 Nd4 42. Kb2 Ne2 43. Kc2 Kd4 44. Kd2 Ng1 45. Nc3 Nf3+ 46. Kc2 Ne1+ 47. Kd2 Ng2 48. Nb5+ Kc5 49. f5 gxf5 50. Kc3 f4 51. Nd4 d5 52. cxd5 Kxd5 53. Nf3 Ke4 54. Ng5+ Kf5 55. Nf3 Ne3 56. b4 Nd5+ 57. Kc4 Nxb4 58. Kb5 Nc6 59. Kb6 Ne5 60. Nd4+ Ke4 61. Ne6 f3 62. Ng5+ Kd5 63. Nxf3 Nxf3 64. Kxa5 Kc6 0-1

[Event "BEL-chT 0001"]
[Site "Belgium"]
[Date "2000.12.03"]
[Round "4"]
[White "Jadoul, Michel"]
[Black "Bor, Willem"]
[Result "1/2-1/2"]
[WhiteElo "2399"]
[BlackElo "2274"]
[PlyCount "43"]
[EventDate "2000.11.18"]
[EventType "team"]
[EventRounds "13"]
[EventCountry "BEL"]
[SourceTitle "CBM 081 Extra"]
[Source "ChessBase"]
[SourceDate "2001.05.06"]
[SourceVersion "1"]
[SourceVersionDate "2001.05.06"]
[SourceQuality "1"]

1. c4 f5 2. g3 Nf6 3. Bg2 d6 4. d4 g6 5. Nc3 Bg7 6. Nf3 0-0 7. 0-0 Qe8 8. d5 Na6 9. Nd4 Bd7 10. Rb1 c5 11. Ndb5 Qd8 12. Re1 Nc7 13. Nxc7 Qxc7 14. b3 a6 15. Bb2 b5 16. e4 b4 17. Ne2 Nxe4 18. Nf4 Bh6 19. Ne6 Bxe6 20. dxe6 Bg7 21. h4 Rad8 22. Bxe4 1/2-1/2

[Event "BEL-chT 0001"]
[Site "Belgium"]
[Date "2000.10.22"]
[Round "2"]
[White "Jadoul, Michel"]
[Black "Hoogendoorn, Joost"]
[Result "1-0"]
[WhiteElo "2399"]
[BlackElo "2358"]
[PlyCount "71"]
[EventDate "2000.11.18"]
[EventType "team"]
[EventRounds "13"]
[EventCountry "BEL"]
[SourceTitle "CBM 081 Extra"]
[Source "ChessBase"]
[SourceDate "2001.05.06"]
[SourceVersion "1"]
[SourceVersionDate "2001.05.06"]
[SourceQuality "1"]

1. b3 d5 2. Bb2 Nf6 3. e3 Bf5 4. Nf3 e6 5. d3 Bd6 6. Nbd2 Nbd7 7. Qe2 Bg6 8. e4 dxe4 9. dxe4 Bc5 10. h3 c6 11. a3 Bb6 12. 0-0-0 0-0 13. Nh4 Nxe4 14. Nxg6 Nxf2 15. Nxf8 Nxf8 16. Rh2 Nxd1 17. Qxd1 Bd4 18. g3 Bxb2+ 19. Kxb2 Qd4+ 20. Ka2 a5 21. Qf3 a4 22. b4 Ng6 23. Nc4 Qa7 24. Bd3 Ne7 25. Rf2 f6 26. Qe4 Qxf2 27. Qxe6+ Kh8 28. Nd6 g6 29. Qxe7 Qd4 30. Ne8 Qd5+ 31. Kb1 Rxe8 32. Qxe8+ Kg7 33. Qe7+ Kh6 34. Qxf6 Qh1+ 35. Kb2 Qxh3 36. Qf8+ 1-0

[Event "NED-chT 9900"]
[Site "Netherlands"]
[Date "2000.05.20"]
[Round "9"]
[White "Brenninkmeijer, Joris"]
[Black "Jadoul, Michel"]
[Result "1-0"]
[WhiteElo "2499"]
[BlackElo "2397"]
[PlyCount "61"]
[EventDate "2000.02.05"]
[EventType "team-tourn"]
[EventRounds "9"]
[EventCountry "NED"]
[SourceTitle "CBM 076 Extra"]
[Source "ChessBase"]
[SourceDate "2000.07.11"]
[SourceVersion "1"]
[SourceVersionDate "2000.07.11"]
[SourceQuality "1"]
[WhiteTeam "Hilversum HSG"]
[BlackTeam "Rotterdam"]
[WhiteTeamCountry "NED"]
[BlackTeamCountry "NED"]

1. d4 c5 2. d5 e5 3. e4 d6 4. Nf3 g6 5. Nc3 Bg7 6. Bb5+ Nd7 7. a4 a6 8. Be2 Ne7 9. h4 Nf6 10. Nd2 b6 11. h5 gxh5 12. Bxh5 Rb8 13. Qe2 Qd7 14. b3 Ng6 15. g3 Nxh5 16. Rxh5 0-0 17. Bb2 b5 18. f3 c4 19. bxc4 bxa4 20. Ba3 Qc7 21. Kf2 f5 22. Rah1 f4 23. g4 Bf6 24. Rxh7 Rf7 25. R7h6 Rg7 26. c5 Qd8 27. Qc4 Bh4+ 28. Ke2 Bxg4 29. fxg4 Qg5 30. Nf3 Qxh6 31. c6 1-0

[Event "BEL-chT 9900"]
[Site "Antwerp"]
[Date "2000.03.19"]
[Round "11"]
[White "Van Mechelen, Jan"]
[Black "Jadoul, Michel"]
[Result "0-1"]
[WhiteElo "2246"]
[BlackElo "2397"]
[PlyCount "50"]
[EventDate "1999.10.08"]
[EventType "team"]
[EventRounds "11"]
[EventCountry "BEL"]
[SourceTitle "CBM 075 Extra"]
[Source "ChessBase"]
[SourceDate "2000.05.11"]
[SourceVersion "2"]
[SourceVersionDate "2000.05.11"]
[SourceQuality "1"]

1. Nf3 b6 2. g3 Bb7 3. Bg2 c5 4. 0-0 Nf6 5. d3 d5 6. Nbd2 Nc6 7. e4 e6 8. Re1 Be7 9. e5 Nd7 10. h4 h6 11. h5 Qc7 12. Qe2 0-0-0 13. Nf1 Rdg8 14. Bf4 g5 15. hxg6 fxg6 16. g4 g5 17. Bg3 Nf8 18. Ne3 Ng6 19. c4 Nf4 20. Bxf4 gxf4 21. cxd5 fxe3 22. dxc6 Qxc6 23. fxe3 Rxg4 24. Kh2 Rhg8 25. Rg1 Qxf3 0-1